German dance music of the 17th and 18 th centuries

Korporativní autor: Pro Arte Antiqua (hudební skupina)
Další autoři: Muffat, Georg, 1653-1704, Peuerl, Paul, 1570-asi 1625, Posch, Isaac, asi 1580-asi 1623, Schein, Johann Hermann, 1586-1630, Fischer, Johann Caspar Ferdinand, 1656-1746, Hammerschmidt, Andreas, asi 1611-1675
Jazyk: Angličtina
Vydáno: Kladno : Milan Vlček, p1993
Témata:
Fyzický popis: 1 CD ; 12 cm + 1 brožura [16 s.].
Zvukové nahrávky
Uloženo v:
LEADER 01670njm a2200421 a 4500
001 000291647
003 CZ BrMZK
005 20191008140130.0
008 010907s1993 xr f eng d
028 0 3 |a SY 0004-2 131  |b Milan Vlček 
040 |a BOA001  |b cze 
080 |a 785.7"16/17"  |2 MRF 
245 0 0 |a German dance music of the 17th and 18 th centuries  |h [zvukový záznam] 
246 3 3 |a Suite from Banchetto musicale 
246 3 3 |a Suite from Florilegium Primum 
246 3 3 |a Suite in F major 
246 3 3 |a Paduana-Gagliarda 
246 3 3 |a Selection from Erster Fleiss and Ander Theil 
246 3 3 |a Suite 
260 |a Kladno :  |b Milan Vlček,  |c p1993 
300 |a 1 CD ;  |c 12 cm +  |e 1 brožura [16 s.]. 
500 |a Text v brož. vícejaz. 
500 |a 1993 
500 |a Durata neuv 
505 2 |a Paduana-Gagliarda, Suite, Suite from Banchetto musicale ... [et al.] 
511 0 |a Pro Arte Antiqua Praha 
653 0 |a historické nástroje  |a historické tance  |a komorní hudba 
700 1 |a Muffat, Georg,  |d 1653-1704  |7 ola2002153266  |4 cmp 
700 1 |a Peuerl, Paul,  |d 1570-asi 1625  |7 xx0023700  |4 cmp 
700 1 |a Posch, Isaac,  |d asi 1580-asi 1623  |7 jn20000604483  |4 cmp 
700 1 |a Schein, Johann Hermann,  |d 1586-1630  |7 ola2002153296  |4 cmp 
700 1 |a Fischer, Johann Caspar Ferdinand,  |d 1656-1746  |7 jn20000601584  |4 cmp 
700 1 |a Hammerschmidt, Andreas,  |d asi 1611-1675  |7 ola2002153144  |4 cmp 
710 2 |a Pro Arte Antiqua (hudební skupina)  |7 ko2003174544 
910 |a BOA001  |b CD-0002.134 
964 |a Hudba komorní  |z stol.17.-18.  |x CD 
990 |a AV 
996 6 |b 261H002166  |c CD-0002.134  |l MZK  |r Sklad / do 24 hodin  |n 0  |w 000291647  |u 000010  |a 1  |e BOA001  |j MZK50  |s P